000 002470000a22000970004500
100 1 _aStott, John
245 1 0 _aEvangelism throught the local church
300 _aVol 16, Núm 58 (1989), Páginas 8-10
773 0 _tWorld Evangelization
942 _cANA
999 _c57897
_d57897